Normal view
MARC view
- ELECTRIC MOTORS ELECTRIC CONTROLLERS ELECTRIC DRIVING CONTROL TECHNIQUES DRIVES
Entry Topical Term
001 - CONTROL NUMBER
- control field: 58191
003 - CONTROL NUMBER IDENTIFIER
- control field: NUST
005 - DATE AND TIME OF LATEST TRANSACTION
- control field: 20210628202059.0
008 - FIXED-LENGTH DATA ELEMENTS
- fixed length control field: 210628|| aca||aabn | a|a d
040 ## - CATALOGING SOURCE
- Original cataloging agency: NUST
- Transcribing agency: NUST
150 ## - HEADING--TOPICAL TERM
- Topical term or geographic name entry element: ELECTRIC MOTORS ELECTRIC CONTROLLERS ELECTRIC DRIVING CONTROL TECHNIQUES DRIVES
670 ## - SOURCE DATA FOUND
- Source citation: Work cat.: (NUST): Drury, Bill 58190, The control techniques drives and controls handbook, 2001
